Nordamerikanische Flaggen - Kartenquiz. - Statistiken

Allgemein
  • Dieses Quiz wurde 667 mal gespielt
  • Das Durchschnittsergebnis liegt bei 12 aus 23
Antworten auf der Karte
Die Antworten werden auf der Karte rot bzw. grün angezeigt, abhängig davon wie oft sie richtig erraten wurden.
 
Antwortstatistiken
Antwort % Korrekt
96%
89%
89%
63%
63%
57%
55%
54%
54%
54%
53%
51%
50%
49%
48%
43%
42%
33%
32%
31%
29%
28%
25%
Keine übereinstimmenden Quizze gefunden
Verteilung der Resultate
Anzahl Personen mit jedem Resultat
Perzentil nach korrekt beantworteten Fragen
Ihre Resultats-Entwicklung
Sie haben dieses Quiz noch nicht gespielt